| 000 -LEADER |
| fixed length control field |
00993cam a22002294a 4500 |
| 001 - CONTROL NUMBER |
| control field |
14891973 |
| 005 - DATE AND TIME OF LATEST TRANSACTION |
| control field |
20210610142512.0 |
| 008 - FIXED-LENGTH DATA ELEMENTS--GENERAL INFORMATION |
| fixed length control field |
070614s2015 cau b 001 0 eng |
| 020 ## - INTERNATIONAL STANDARD BOOK NUMBER |
| International Standard Book Number |
9781634503549 |
| 041 ## - LANGUAGE CODE |
| Language code of text/sound track or separate title |
eng |
| 080 ## - UNIVERSAL DECIMAL CLASSIFICATION NUMBER |
| Universal Decimal Classification number |
376(73) P-61 |
| 100 1# - MAIN ENTRY--PERSONAL NAME |
| Personal name |
Pierangelo, Roger. |
| 9 (RLIN) |
12010 |
| 245 10 - TITLE STATEMENT |
| Title |
Understanding assessment in the special education process : |
| Remainder of title |
a step-by-step guide for educators / |
| Statement of responsibility, etc. |
Roger Pierangelo, George Giuliani. |
| 264 ## - PRODUCTION, PUBLICATION, DISTRIBUTION, MANUFACTURE, AND COPYRIGHT NOTICE |
| Place of production, publication, distribution, manufacture |
New York : |
| Name of producer, publisher, distributor, manufacturer |
Skyhorse Publishing, |
| Date of production, publication, distribution, manufacture, or copyright notice |
2015. |
| 300 ## - PHYSICAL DESCRIPTION |
| Extent |
120 p. ; |
| Dimensions |
26 cm. |
| 653 ## - INDEX TERM--UNCONTROLLED |
| keyword |
შეზღუდული შესაძლებლობის მქონე ბავშვები |
| 653 ## - INDEX TERM--UNCONTROLLED |
| keyword |
Дети с ограниченными возможностями |
| 653 ## - INDEX TERM--UNCONTROLLED |
| keyword |
სწავლების პროცესი კლასში |
| 700 1# - ADDED ENTRY--PERSONAL NAME |
| Personal name |
Giuliani, George A., |
| Dates associated with a name |
1938- |
| Relator term |
ავტორი |
| 9 (RLIN) |
12011 |
| 856 41 - ELECTRONIC LOCATION AND ACCESS |
| Materials specified |
Table of contents |
| Uniform Resource Identifier |
http://www.loc.gov/catdir/toc/fy0803/2007023439.html |
| 942 ## - ADDED ENTRY ELEMENTS (KOHA) |
| Source of classification or shelving scheme |
|
| Koha item type |
წიგნი |